LEADER 00924nam0-2200313---450- 001 990009664330403321 005 20130121081348.0 035 $a000966433 035 $aFED01000966433 035 $a(Aleph)000966433FED01 035 $a000966433 100 $a20130111e20091920km-y0itay50------ba 101 0 $aita 102 $aIT 105 $aa-------001yy 200 1 $a<>brigantaggio e l'opera dell'esercito italiano dal 1860 al 1870$fCesare Cesari 205 $aRistampa anastatica 210 $aBologna$cForni$d2009 215 $aVIII, 174 p.$cill.$d21 cm 610 0 $aBrigantaggio 676 $a945.708$v22$zita 700 1$aCesari,$bCesare$c$071181 801 0$aIT$bUNINA$gREICAT$2UNIMARC 901 $aBK 912 $a990009664330403321 952 $aIX E 253$b44057$fFSPBC 959 $aFSPBC 996 $aBrigantaggio e l'opera dell'esercito italiano dal 1860 al 1870$9838714 997 $aUNINA LEADER 00866cam0 22002773 450 001 SOB008589 005 20230714093542.0 010 $a0415078628 100 $a20040211d2001 |||||ita|0103 ba 101 $aeng 102 $aUS 200 1 $a<>Italian Language Today$fAnna Laura Lepschy$gGiulio Lepschy 205 $a[2. ed.] 210 $aLondon$aNew York$cRoutledge$d2001 215 $a260 p.$d21 cm 700 1$aLepschy$b, Anna_Laura$3AF00007698$4070$0132811 702 1$aLepschy, Giulio$3AF00018875$4070 801 0$aIT$bUNISOB$c20230714$gRICA 850 $aUNISOB 852 $aUNISOB$j400$m108543 912 $aSOB008589 940 $aM 102 Monografia moderna SBN 941 $aM 957 $a400$b000547$gSI$d108543$1Alfano$2UNISOB$3UNISOB$420150410071139.0$520150410071207.0$6Alfano 996 $aItalian Language Today$91678578 997 $aUNISOB